Năng lượng xe ôtô /
Zapisane w:
| 1. autor: | |
|---|---|
| Format: | Książka |
| Język: | Vietnamese |
| Wydane: |
Moscou :
MOCKBA ,
1974
|
| Hasła przedmiotowe: | |
| Etykiety: |
Dodaj etykietę
Nie ma etykietki, Dołącz pierwszą etykiete!
|
| Thư viện lưu trữ: | Thư viện Trường CĐ Kỹ Thuật Cao Thắng |
|---|
| LEADER | 00589nam a2200193 a 4500 | ||
|---|---|---|---|
| 001 | TVCDKTCT1649 | ||
| 003 | Thư viện trường Cao đẳng Kỹ thuật Cao Thắng | ||
| 005 | 20050809000000 | ||
| 008 | 050809 | ||
| 980 | \ | \ | |a Thư viện Trường CĐ Kỹ Thuật Cao Thắng |
| 024 | |a RG_1 #1 eb0 i1 | ||
| 041 | 0 | # | |a vie |
| 082 | # | # | |a 629.2 / |b GR300V-v |
| 100 | 1 | # | |a H.B Grigôriva, |e Chủ biên |
| 245 | 0 | 0 | |a Năng lượng xe ôtô / |c H.B Grigôriva |
| 260 | # | # | |a Moscou : |b MOCKBA , |c 1974 |
| 300 | # | # | |a 462tr. ; |c 24cm |
| 650 | # | 4 | |a Xe hơi |
| 650 | # | 4 | |a Năng lượng |